01291nam a2200277 a 450000100100000000500170001000800410002702000180006804000250008608200140011110000360012524501000016126000420026130000270030349000620033059000270039250000560041965000410047565000310051670000350054783000660058295201180064895201120076695201180087899900170099600004714120240412074305.0150216s2016 dr a 000 j spa d a9789945175820 aDO-SdBNPbspacBNPHU axxxbL9251 aLozano, Clara Luzd1974-97492810aPedro, Pimtún y sus pinceles mágicos /cClara Luz Lozano ; ilustraciones Adelina Rosa Dore. aSanto Domingo :bEdiciones SM,c2016. a21 p. :bil. ;c20 cm.1 aEl barco de vapor, para empezar a leer;aLos felicesv2 ; aInventariado, 2018/ YL aIncluye datos biográficos del autor e ilustrador. 4aCuentos infantiles dominicano973270 0aLiteratura dominicana.96712aDore, Adelina Rosaeil.974924 0aEl barco de vapor, para empezar a leerpLos felicesn2974929 0010718DSaGRbGRcCTd2018-04-17iLF1l0oxxx L925p47141-30r2020-06-25te. 3w2020-06-25yLFDSZNo se presta 0010718PDaPDbPDcCTd2018-04-17iLF1l0oxxx L925p47141-10r2020-06-25w2020-06-25yLFPDZNo se presta 0010718PDaPDbPDcCTd2018-04-17iLF1l0oxxx L925p47141-20r2020-06-25te. 2w2020-06-25yLFPDZNo se presta c46629d46629